| 000 | 01325cam a2200349 4500 | ||
|---|---|---|---|
| 008 | 000000n1999 000 0 eng u | ||
| 020 | _a0340741600 | ||
| 035 | _a(Sirsi) u101177 | ||
| 041 | _aENG | ||
| 050 | _a658.404 | ||
| 100 |
_aBest, Rick _xEditor |
||
| 245 | _aBuilding in value: pre-design issues. | ||
| 260 |
_aLondon _bArnold _c1999 |
||
| 300 | _ax,387p. ; 25cm. | ||
| 350 | _a35.00 | ||
| 520 | _aThis publication brings together many experts in the field to outline the wide range of tools, techniques and procedures which can and should be used to make the building procurement phase as efficient as possible and to ensure that future problems in the design and construction of the building are anticipated. It integrates strategic, financial and construction management techniques. | ||
| 650 | _aProcurement-old | ||
| 650 | _aENVIRONMENTAL IMPACT ASSESSMENTS | ||
| 650 | _aFEASIBILITY STUDIES | ||
| 650 | _aCOST MODELLING | ||
| 650 | _aVALUE MANAGEMENT | ||
| 650 | _aENERGY MODELLING | ||
| 650 | _aRISK MANAGEMENT | ||
| 650 | _aPROCUREMENT LAW | ||
| 650 | _aINTERGRATED DESIGN | ||
| 650 | _aOCCUPANCY COST ANALYSIS | ||
| 650 |
_aDISPUTE RESOLUTION _96236 |
||
| 650 | _aPROCUREMENT STRATEGIES | ||
| 690 | _aBUILT ENVIRONMENT | ||
| 700 |
_aDe Valence, Gerard _xEditor |
||
| 942 | _n0 | ||
| 999 |
_c100036 _d100036 |
||